Prví absolventi celouniverzitného študijného programu vo francúzskom jazyku manažment predaja

Gespeichert in:
Bibliographische Detailangaben
1. Verfasser: Kita, Pavol
Format: Buchkapitel
Sprache:Slowakisch
Tags: Tag hinzufügen
Keine Tags, Fügen Sie das erste Tag hinzu!

MARC

LEADER 00000nla$a2200000$$$4500
001 0116156
005 20240502072309.0
041 0 |a slo 
044 |a SK 
245 1 0 |a Prví absolventi celouniverzitného študijného programu vo francúzskom jazyku manažment predaja  |c Pavol Kita 
100 1 |a Kita, Pavol